000 00510nam a2200133 a 4500
008 120416s1983 xx |||||||||||||| || u
050 _aTD 327 Cha
100 _aChauhan, Sumi Krishna
245 1 0 _aWho puts water in the taps?
246 _acommunity participation in Third World drinking water, sanitation and health
260 _c1983
350 _a0.00
995 _D0.00
_FCBU-MAIN LIBRARY (Kitwe)
_H1
_I3.00
_UAVAILABLE
_ZMain Library Open Access Collection
999 _c61729
_d61729